The amzing life of Benjamin Franklin / (Record no. 7548)

MARC details
000 -LEADER
fixed length control field 01049nam a22003017a 4500
001 - CONTROL NUMBER
control field 7548
003 - CONTROL NUMBER IDENTIFIER
control field FISKH
005 - DATE AND TIME OF LATEST TRANSACTION
control field 20250807131945.0
008 - FIXED-LENGTH DATA ELEMENTS--GENERAL INFORMATION
fixed length control field 250723b cb ||||| |||| 00| 0 eng d
020 ## - INTERNATIONAL STANDARD BOOK NUMBER
International Standard Book Number 9780439810654
040 ## - CATALOGING SOURCE
Original cataloging agency FISKH
Language of cataloging eng
Transcribing agency FISKH
Modifying agency FISKH
050 ## - LIBRARY OF CONGRESS CALL NUMBER
Classification number E302.F8 G46
082 ## - DEWEY DECIMAL CLASSIFICATION NUMBER
Classification number 973.3
100 ## - MAIN ENTRY--PERSONAL NAME
Personal name Giblin, James Cross
245 ## - TITLE STATEMENT
Title The amzing life of Benjamin Franklin /
Statement of responsibility, etc. by James Cross Giblin : illustrated by Michael Dooling
250 ## - EDITION STATEMENT
Edition statement First Scholastic printing, Januarty 2006
260 ## - PUBLICATION, DISTRIBUTION, ETC.
Place of publication, distribution, etc. New York :
Name of publisher, distributor, etc. Scholastic ,
Date of publication, distribution, etc. 2000.
300 ## - PHYSICAL DESCRIPTION
Extent 48 pges :
Other physical details color illustrations ;
Dimensions 26 cm.
505 ## - FORMATTED CONTENTS NOTE
Formatted contents note W <br/>
520 ## - SUMMARY, ETC.
Summary, etc. A biography of the eighteenth-century printer, inventor, and statesman who played an influential role in the early history of the United States.
521 8# - TARGET AUDIENCE NOTE
Target audience note 881 <br/><br/>
Source Lexile <br/>
521 8# - TARGET AUDIENCE NOTE
Target audience note W <br/>
Source Raz-Plus <br/>
650 ## - SUBJECT ADDED ENTRY--TOPICAL TERM
Topical term or geographic name entry element Revolutionary War
Form subdivision Non-fiction
650 ## - SUBJECT ADDED ENTRY--TOPICAL TERM
Topical term or geographic name entry element Founding Fathers
Form subdivision Non-fiction
700 ## - ADDED ENTRY--PERSONAL NAME
Personal name Dooling, Michael
Relator term Illustrator
942 ## - ADDED ENTRY ELEMENTS (KOHA)
Source of classification or shelving scheme Dewey Decimal Classification
Koha item type Books
Suppress in OPAC No
Holdings
Withdrawn status Lost status Source of classification or shelving scheme Damaged status Not for loan Collection Home library Current library Shelving location Date acquired Total Checkouts Full call number Barcode Date last seen Price effective from Koha item type Copy number
    Dewey Decimal Classification     Non-Fiction Footprints International School Library Network Toul Tom Poung Campus Footprints International School Library Network Toul Tom Poung Campus TTP Secondary Non-Fiction Bookshelves 07/23/2025   GIB 973.3 E302.F8 G46 FISSE01252 07/23/2025 07/23/2025 Books  
    Dewey Decimal Classification     Non-Fiction Footprints International School Library Network Toul Tom Poung Campus Footprints International School Library Network Toul Tom Poung Campus TTP Secondary Non-Fiction Bookshelves 08/07/2025   GIB 973.3 E302.F8 G46 FIS04697 08/07/2025 08/07/2025 Books 2